[Event "Detroit (WCO/5/14)"]
[Site "?"]
[Date "1995.??.??"]
[Round "?"]
[White "Zorn, J."]
[Black "Torres, D."]
[Result "1-0"]
[WhiteElo "1605"]
[BlackElo "1605"]
[PlyCount "85"]
[EventDate "1995.??.??"]

{5/(14)} 1. e4 c5 2. Nf3 Nf6 3. Nc3 e6 4. Bc4 d5 5. exd5 exd5 6. Bb3 c4 7. Ba4+
Bd7 8. Bxd7+ Nbxd7 9. b3 Bb4 10. Bb2 Ne4 11. O-O Bxc3 12. dxc3 O-O 13. Qxd5
Nef6 14. Qxb7 Re8 15. Bc1 cxb3 16. axb3 Re2 17. Rxa7 Rb8 18. Qc6 Rb6 19. Qa4
Nc5 20. Ra8 Nxa4 21. Rxd8+ Ne8 22. bxa4 Ra6 23. Re1 Rxe1+ 24. Nxe1 Kf8 25. Rd4
f5 26. c4 Rxa4 27. Nd3 Nc7 28. Nc5 Ke7 29. Nxa4 Ne6 30. Rd1 Nc7 31. c5 Nb5 32.
c6 Ke6 33. c4 Na7 34. c7 Ke7 35. Be3 Nc6 36. c8=Q Nb4 37. Bc5+ Kf6 38. Bxb4 Kg5
39. Qe6 g6 40. Be7+ Kh6 41. Rd3 Kg7 42. Qf6+ Kg8 43. Qf8# 1-0

[Event "Detroit (WCO/2/12)"]
[Site "?"]
[Date "1995.??.??"]
[Round "?"]
[White "Zorn, J."]
[Black "Luckett, A."]
[Result "0-1"]
[WhiteElo "1605"]
[BlackElo "1605"]
[PlyCount "74"]
[EventDate "1995.??.??"]

{2/(12)} 1. e4 c5 2. Nf3 Nc6 3. Bc4 g6 4. d3 Bg7 5. Bf4 Bxb2 6. Nbd2 Bxa1 7.
Qxa1 Nf6 8. O-O O-O 9. e5 Nh5 10. Be3 d5 11. Bb5 Nb4 12. Bxc5 Nxc2 13. Qc3 b6
14. Bd4 Nxd4 15. Qxd4 f6 16. exf6 Rxf6 17. Ng5 e5 18. Qxe5 Rf5 19. Qe3 Qxg5 20.
Qe8+ Kg7 21. Bd7 Bb7 22. Bxf5 Rxe8 23. Bd7 d4 24. g3 Rd8 25. Ne4 Bxe4 26. dxe4
Rxd7 27. Re1 d3 28. h3 Nxg3 29. e5 d2 30. Rd1 Qxe5 31. fxg3 Qxg3+ 32. Kf1 Rf7+
33. Ke2 Qf2+ 34. Kd3 Rd7+ 35. Kc2 Qe1 36. a4 Rc7+ 37. Kb2 Qxd1 0-1

[Event "Ann Arbor (MI Women/1/2)"]
[Site "?"]
[Date "1995.??.??"]
[Round "?"]
[White "Zarzycki, Katherine"]
[Black "Raupp, Helene"]
[Result "0-1"]
[WhiteElo "1605"]
[BlackElo "1605"]
[PlyCount "78"]
[EventDate "1995.??.??"]

{1/(2)} 1. e4 e6 2. Nf3 d5 3. Nc3 Bb4 4. a3 Bxc3 5. bxc3 dxe4 6. Ne5 f5 7. Bc4
Qd6 8. d4 exd3 9. Bf4 dxc2 10. Qh5+ Ke7 11. Bg5+ Nf6 12. Qf7+ Kd8 13. Bf4 Qe7
14. O-O Rf8 15. Rad1+ cxd1=Q 16. Rxd1+ Bd7 17. Qxe7+ Kxe7 18. Bg5 Nc6 19. Nxd7
Rad8 20. Nxf8 Rxd1+ 21. Bf1 Kxf8 22. h3 Ne4 23. Be3 Nxc3 24. Bc5+ Kf7 25. Kh2
Rxf1 26. g4 f4 27. Kg2 Rd1 28. Kf3 e5 29. g5 Rd3+ 30. Kg4 Ne4 31. Bxa7 Nxa7 32.
Kf5 Nxf2 33. Kxe5 f3 34. a4 Nc6+ 35. Kf4 Nxh3+ 36. Kg3 f2+ 37. Kh4 f1=Q 38. Kh5
Qf3+ 39. Kh4 Rd4# 0-1

[Event "Detroit (MI Action/3/22)"]
[Site "?"]
[Date "1995.??.??"]
[Round "?"]
[White "Zarzycki, Katherine"]
[Black "Ngu, H."]
[Result "1-0"]
[WhiteElo "1605"]
[BlackElo "1605"]
[PlyCount "55"]
[EventDate "1995.??.??"]

{3/(22)} 1. e4 e5 2. Nf3 Nc6 3. Nc3 Nf6 4. Bc4 Bc5 5. O-O O-O 6. d3 d6 7. Bg5
Qe7 8. Nd5 Qe8 9. Nxc7 Qe7 10. Nxa8 Be6 11. Bb5 Rxa8 12. a3 a6 13. Bxc6 bxc6
14. d4 Ba7 15. dxe5 dxe5 16. Nxe5 Rd8 17. Qf3 h6 18. Nxc6 Qd7 19. Nxd8 Qxd8 20.
Bh4 Bc4 21. Rfd1 Qb6 22. e5 Qxb2 23. Rd8+ Kh7 24. Rad1 Be2 25. Qf5+ g6 26. Qc8
Bxd1 27. Rh8+ Kg7 28. exf6+ 1-0

[Event "Detroit (MI Action/1/16)"]
[Site "?"]
[Date "1995.??.??"]
[Round "?"]
[White "Zarzycki, Katherine"]
[Black "Kane, Paul"]
[Result "0-1"]
[WhiteElo "1605"]
[BlackElo "1605"]
[PlyCount "58"]
[EventDate "1995.??.??"]

{1/(16)} 1. e4 c5 2. Bc4 e6 3. Nf3 a6 4. O-O b5 5. Be2 d6 6. d4 cxd4 7. Qxd4
Nc6 8. Qd2 Nf6 9. Nc3 Be7 10. e5 dxe5 11. Qg5 O-O 12. Nxe5 Nxe5 13. Qxe5 Bb7
14. Bg5 Rc8 15. Be3 b4 16. Rad1 Qc7 17. Qxc7 Rxc7 18. Bd4 bxc3 19. bxc3 Nd5 20.
Rd3 Nf4 21. Re1 Nxg2 22. Rb1 Nf4 23. Rg3 Nxe2+ 24. Kf1 Nxg3+ 25. hxg3 Rb8 26.
Re1 Bd6 27. Re4 Bxe4 28. c4 Bf3 29. a3 Rb1# 0-1

[Event "Ann Arbor (MI Women/3/3)"]
[Site "?"]
[Date "1995.??.??"]
[Round "?"]
[White "Zarzycki, Katherine"]
[Black "Jackson, K."]
[Result "0-1"]
[WhiteElo "1605"]
[BlackElo "1605"]
[PlyCount "38"]
[EventDate "1995.??.??"]

{3/(3)} 1. e4 e6 2. Nf3 d5 3. e5 c5 4. Nc3 Nc6 5. Bd3 Be7 6. O-O f6 7. exf6
Nxf6 8. Ng5 O-O 9. Qf3 Ne4 10. Qh3 Nxg5 11. Qh4 Nf3+ 12. Kh1 Bxh4 13. gxf3 Rxf3
14. Rg1 Bxf2 15. Rf1 Qh4 16. Ne2 Rh3 17. Bb5 a6 18. Ba4 b6 19. Bxc6 Rxh2# 0-1

[Event "Detroit (WCO/5/16)"]
[Site "?"]
[Date "1995.??.??"]
[Round "?"]
[White "Zarzycki, Amanda"]
[Black "Wood, C."]
[Result "0-1"]
[WhiteElo "1605"]
[BlackElo "1605"]
[PlyCount "90"]
[EventDate "1995.??.??"]

{5/(16)} 1. e4 c5 2. Bc4 Nc6 3. Qh5 e6 4. f4 Nf6 5. Qh3 Nxe4 6. Qf3 Nf6 7. f5
Ne5 8. Qf4 Nxc4 9. Qxc4 exf5 10. Nc3 Qe7+ 11. Qe2 Qxe2+ 12. Ngxe2 g6 13. Nb5
Nd5 14. d4 cxd4 15. Nexd4 Bg7 16. c4 Bxd4 17. cxd5 Bb6 18. Bg5 O-O 19. Bh6 Re8+
20. Kd1 a6 21. Nd6 Re5 22. Rf1 Rxd5+ 23. Kc1 Rxd6 24. Re1 Re6 25. Kc2 d6 26.
Rad1 Bd7 27. Rc1 Rxe1 28. Rxe1 f6 29. b4 g5 30. Re7 Rc8+ 31. Kb1 Rd8 32. Rg7+
Kh8 33. Rf7 Bd4 34. Bg7+ Kg8 35. Re7 Bc6 36. h4 Re8 37. Rxe8+ Bxe8 38. Bh6 Bf7
39. h5 Bd5 40. Kc1 Bxg2 41. Bxg5 fxg5 42. h6 Bf3 43. b5 Be3+ 44. Kb1 Be4+ 45.
Ka1 Bd4# 0-1

[Event "Ann Arbor (MI Women/4/5)"]
[Site "?"]
[Date "1995.??.??"]
[Round "?"]
[White "Zarzycki, Amanda"]
[Black "Williams, A."]
[Result "1-0"]
[WhiteElo "1605"]
[BlackElo "1605"]
[PlyCount "37"]
[EventDate "1995.??.??"]

{4/(5)} 1. e4 e5 2. Nf3 Nf6 3. Nc3 Bc5 4. Nxe5 d6 5. Nd3 Bb6 6. e5 dxe5 7. Nxe5
O-O 8. Bd3 Qd4 9. O-O Qd6 10. Qf3 Bd7 11. Nxd7 Qxd7 12. Bf5 Qd6 13. Qh3 Rd8 14.
Ne4 Nxe4 15. Qxh7+ Kf8 16. Bxe4 Rd7 17. Bd3 Nc6 18. Re1 Re7 19. Qh8# 1-0

[Event "Detroit (MI Action/4/23)"]
[Site "?"]
[Date "1995.??.??"]
[Round "?"]
[White "Zarzycki, Amanda"]
[Black "Tarrance, J."]
[Result "1-0"]
[WhiteElo "1605"]
[BlackElo "1605"]
[PlyCount "49"]
[EventDate "1995.??.??"]

{4/(23)} 1. e4 e5 2. Nf3 Bb4 3. c3 Bc5 4. d4 exd4 5. cxd4 Bb4+ 6. Bd2 Bxd2+ 7.
Nbxd2 d5 8. Bd3 dxe4 9. Nxe4 Bf5 10. O-O Bxe4 11. Bxe4 Nf6 12. Bxb7 Ng4 13.
Re1+ Kf8 14. Bxa8 Qd6 15. Qe2 g6 16. Rac1 Kg7 17. d5 Na6 18. Rc6 Qf4 19. g3 Qh6
20. Rxa6 Rd8 21. Rxa7 Rxd5 22. Rxc7 Rd4 23. Qe7 Qh5 24. Qxf7+ Kh8 25. Qf8# 1-0

[Event "Ann Arbor (MI Women/2/4)"]
[Site "?"]
[Date "1995.??.??"]
[Round "?"]
[White "Zarzycki, Amanda"]
[Black "Post, L."]
[Result "0-1"]
[WhiteElo "1605"]
[BlackElo "1605"]
[PlyCount "92"]
[EventDate "1995.??.??"]

{2/(4)} 1. e4 d5 2. Nc3 d4 3. Nd5 e6 4. Nf4 Nf6 5. d3 Be7 6. e5 Nd5 7. Nxd5
Qxd5 8. Bf4 O-O 9. Nf3 Bd7 10. c4 dxc3 11. bxc3 Qa5 12. d4 Ba4 13. Qd3 Nd7 14.
Ng5 Bxg5 15. Bxg5 Rad8 16. Bxd8 Rxd8 17. Qh3 Bc2 18. Rc1 Qxa2 19. Be2 a5 20.
O-O a4 21. Bd1 Bb3 22. Re1 Qb2 23. Bf3 b5 24. Rcd1 Bxd1 25. Bxd1 a3 26. Re2 Qc1
27. Qd3 Ra8 28. Rc2 Qb1 29. Qd2 Nb6 30. Rc1 Qb2 31. Qxb2 axb2 32. Rb1 Ra1 33.
Bc2 Nc4 34. g3 Na3 35. Rxa1 bxa1=Q+ 36. Kg2 Nxc2 37. h4 Qxc3 38. Kh3 Ne1 39. h5
Nf3 40. Kg2 Ng5 41. Kg1 Qe1+ 42. Kg2 Ne4 43. Kh3 Nxf2+ 44. Kh4 h6 45. g4 Ne4+
46. Kh3 Qg3# 0-1

[Event "Detroit (WCO/1/15)"]
[Site "?"]
[Date "1995.??.??"]
[Round "?"]
[White "Zarzycki, Amanda"]
[Black "Martell, Raul"]
[Result "0-1"]
[WhiteElo "1605"]
[BlackElo "1605"]
[PlyCount "66"]
[EventDate "1995.??.??"]

{1/(15)} 1. e4 e5 2. Nf3 Nc6 3. Bc4 Nf6 4. Nc3 Bc5 5. O-O d6 6. Ng5 O-O 7. d3
h6 8. Nf3 Bg4 9. h3 Bh5 10. Nd5 Nd4 11. b4 Nxf3+ 12. gxf3 Nxd5 13. exd5 Bb6 14.
Be3 f5 15. d4 f4 16. Rb1 fxe3 17. fxe3 Qg5+ 18. Kf2 Rxf3+ 19. Qxf3 Bxf3 20.
Kxf3 Rf8+ 21. Ke2 Qg2+ 22. Ke1 Rxf1+ 23. Bxf1 Qxc2 24. Rd1 Qc3+ 25. Rd2 exd4
26. e4 d3 27. Bxd3 Be3 28. Kf1 Qxd2 29. Be2 Qc1+ 30. Kg2 Qg1+ 31. Kf3 Qf2+ 32.
Kg4 Qf4+ 33. Kh5 Qg5# 0-1

[Event "Detroit (WCO/3/16)"]
[Site "?"]
[Date "1995.??.??"]
[Round "?"]
[White "Zarzycki, Amanda"]
[Black "Jackson, K."]
[Result "0-1"]
[WhiteElo "1605"]
[BlackElo "1605"]
[PlyCount "37"]
[EventDate "1995.??.??"]

{3/(16)} 1. e4 e6 2. d4 d5 3. Nc3 c5 4. Nf3 Nc6 5. Bg5 f6 6. Be3 dxe4 7. Nd2
cxd4 8. Bxd4 Nxd4 9. Ndxe4 a6 10. Rc1 Bb4 11. Qh5+ Kf8 12. g4 Ne7 13. g5 f5 14.
Ng3 Bxc3+ 15. bxc3 Qa5 16. Ne2 Bd7 17. Nxd4 Qxc3+ 18. Kd1 Qxd4+ 19. Bd3 {
[Remainder illegible; 0-1, 43?]} 0-1

[Event "Detroit (MI Action/2/15)"]
[Site "?"]
[Date "1995.??.??"]
[Round "?"]
[White "Zarzycki, Amanda"]
[Black "Jackson, K."]
[Result "0-1"]
[WhiteElo "1605"]
[BlackElo "1605"]
[PlyCount "108"]
[EventDate "1995.??.??"]

{2/(15)} 1. e4 e6 2. Nf3 d5 3. Nc3 dxe4 4. Nxe4 c5 5. Ne5 Bd7 6. Nxd7 Nxd7 7.
Bc4 Ne5 8. Bb5+ Nc6 9. O-O Be7 10. d3 Nf6 11. Nxf6+ Bxf6 12. a4 O-O 13. c3 Ne5
14. d4 cxd4 15. cxd4 Nc6 16. Qf3 Qxd4 17. Bf4 Qxb2 18. Rab1 Nd4 19. Qd3 Qc2 20.
Qg3 Ne2+ 21. Bxe2 Qxe2 22. Rbe1 Qc4 23. Bd6 Rfd8 24. Be5 Bxe5 25. Qxe5 Qxa4 26.
Re4 Qc6 27. Rg4 f6 28. Qg3 g6 29. Qf4 f5 30. Rg5 a5 31. Rc1 a4 32. g4 Qd6 33.
Qc4 Rac8 34. Qf1 Rxc1 35. Qxc1 Qd1+ 36. Qxd1 Rxd1+ 37. Kg2 a3 38. gxf5 exf5 39.
Rg3 a2 40. Ra3 a1=Q 41. Rxa1 Rxa1 42. h4 b5 43. h5 gxh5 44. f4 b4 45. Kf3 b3
46. Ke3 b2 47. Kd3 b1=Q+ 48. Kd4 Ra4+ 49. Kc5 Rxf4 50. Kd6 Qb5 51. Ke6 Re4+ 52.
Kf6 Qe5+ 53. Kg5 Qg7+ 54. Kxf5 Qg6# 0-1

[Event "East Lansing (Beg/1/17)"]
[Site "?"]
[Date "1995.??.??"]
[Round "?"]
[White "Zarobinski, R."]
[Black "Wood, C."]
[Result "1-0"]
[WhiteElo "1605"]
[BlackElo "1605"]
[PlyCount "87"]
[EventDate "1995.??.??"]

{1/(17)} 1. e4 e5 2. Nf3 Nc6 3. Bb5 Nf6 4. O-O Nxe4 5. Nc3 Nxc3 6. dxc3 a6 7.
Bd3 Bc5 8. Ng5 h6 9. Nh7 d5 10. b4 Bb6 11. b5 axb5 12. Bxb5 Rxh7 13. Re1 Bd7
14. Qxd5 Qf6 15. Be3 Bxe3 16. Rxe3 O-O-O 17. Bd3 Rhh8 18. Rb1 Bf5 19. Qb5 Bxd3
20. Qxb7+ Kd7 21. Rxd3+ Ke8 22. Rxd8+ Qxd8 23. Qxc6+ Kf8 24. Qc5+ Qd6 25. Rb8+
Ke7 26. Qxd6+ cxd6 27. Rxh8 e4 28. Rb8 f5 29. a4 f4 30. a5 e3 31. fxe3 fxe3 32.
Kf1 g5 33. a6 Ke6 34. a7 Ke5 35. Re8+ Kf4 36. Ke2 g4 37. a8=Q h5 38. Qe4+ Kg5
39. Qxe3+ Kf6 40. Qf4+ Kg7 41. Qxd6 Kf7 42. Qe6+ Kg7 43. Rg8+ Kh7 44. Qg6# 1-0

[Event "Eastpointe (MCO/1/15)"]
[Site "?"]
[Date "1995.??.??"]
[Round "?"]
[White "Zaremba, Andrei"]
[Black "Wright, Walter"]
[Result "1-0"]
[WhiteElo "2025"]
[BlackElo "1605"]
[PlyCount "63"]
[EventDate "1995.??.??"]

{1/(15)} 1. e4 e5 2. Bc4 Nf6 3. d3 c6 4. Nf3 d6 5. O-O Bg4 6. h3 Bh5 7. g4 Bg6
8. Nh4 Nbd7 9. f4 exf4 10. Bxf4 Qb6+ 11. Kg2 O-O-O 12. Nc3 Ne5 13. Bxe5 dxe5
14. Nxg6 hxg6 15. Bxf7 Qe3 16. Qf3 Qg5 17. Rae1 Nh5 18. Ne2 Bd6 19. h4 Nf4+ 20.
Nxf4 Qxf4 21. Qxf4 exf4 22. e5 Be7 23. Rxf4 Rxh4 24. Be6+ Kb8 25. Rf7 Rdh8 26.
Rxe7 Rh2+ 27. Kf3 Rf8+ 28. Rf7 Rxf7+ 29. Bxf7 Rxc2 30. e6 Rd2 31. e7 Rxd3+ 32.
Re3 1-0

[Event "East Lansing (MI Op/7/8)"]
[Site "?"]
[Date "1995.??.??"]
[Round "?"]
[White "Zaremba, Andrei"]
[Black "Ward, Tom"]
[Result "0-1"]
[WhiteElo "2040"]
[BlackElo "2210"]
[PlyCount "98"]
[EventDate "1995.??.??"]

{7/(8)} 1. d4 Nf6 2. c4 e6 3. Nc3 Bb4 4. a3 Bxc3+ 5. bxc3 c5 6. e3 Nc6 7. Nf3
d6 8. Bd3 e5 9. e4 h6 10. O-O O-O 11. Be3 b6 12. h3 Qe8 13. d5 Ne7 14. a4 a5
15. Rb1 Rb8 16. Nd2 Ng6 17. Rb2 Bd7 18. Bc2 Kh8 19. Nb1 Nf4 20. Na3 g5 21. Nb5
Qe7 22. f3 Rg8 23. Qd2 h5 24. Kf2 h4 25. Ke1 N6h5 26. Bd3 Ng3 27. Rf2 Rbf8 28.
Bxf4 exf4 29. Kd1 Qe5 30. Kc2 f5 31. exf5 Bxf5 32. Kb3 Qe7 33. Bxf5 Rxf5 34.
Qd3 Kg7 35. Rfe2 Nxe2 36. Qxf5 Ng3 37. Qd3 Re8 38. Rd2 Qd7 39. Rf2 Re3 40. Qc2
Qe7 41. Rd2 Kf6 42. Kb2 Re1 43. Rd1 Re3 44. Rd2 Nf1 45. Rf2 Re1 46. Na3 Ne3 47.
Qd2 Nd1+ 48. Kb3 Nxf2 49. Qxf2 Re2 0-1

[Event "East Lansing (MI Op/5/15)"]
[Site "?"]
[Date "1995.??.??"]
[Round "?"]
[White "Zaremba, Andrei"]
[Black "Van Loon, C."]
[Result "1-0"]
[WhiteElo "2040"]
[BlackElo "1925"]
[PlyCount "59"]
[EventDate "1995.??.??"]

{5/(15)} 1. e4 c5 2. Nf3 d6 3. d4 cxd4 4. Nxd4 Nf6 5. Nc3 a6 6. Bg5 e6 7. f4 h6
8. Bh4 Be7 9. Qf3 Nbd7 10. O-O-O O-O 11. g4 Ne8 12. Bxe7 Qxe7 13. h4 g6 14. Bd3
Nc5 15. f5 g5 16. hxg5 Qxg5+ 17. Kb1 Nxd3 18. cxd3 Nf6 19. Rdg1 e5 20. Nde2 Kg7
21. Rh5 Nxh5 22. gxh5 f6 23. Rxg5+ hxg5 24. h6+ Kh7 25. Qh5 Rg8 26. Qf7+ Kh8
27. Qxf6+ Kh7 28. Qf7+ Kh8 29. Nd5 Bxf5 30. Qf6+ 1-0

[Event "Troy (TCC/1/2)"]
[Site "?"]
[Date "1995.??.??"]
[Round "?"]
[White "Zaremba, Andrei"]
[Black "Tsemekhman, Vadim"]
[Result "0-1"]
[WhiteElo "1990"]
[BlackElo "2470"]
[PlyCount "116"]
[EventDate "1995.??.??"]

{1/(2)} 1. d4 Nf6 2. c4 g6 3. Nc3 Bg7 4. e4 d6 5. f3 O-O 6. Be3 c6 7. Bd3 e5 8.
d5 cxd5 9. cxd5 a6 10. Nge2 Nh5 11. O-O Nd7 12. b4 f5 13. exf5 gxf5 14. Qc2 Qh4
15. Bxf5 Nf4 16. Nxf4 exf4 17. Bf2 Qh6 18. Rae1 Ne5 19. Be4 Bd7 20. Qd2 Rac8
21. Bd4 Nc4 22. Qd3 Ne3 23. Rf2 Bxd4 24. Qxd4 Rc4 25. Qd3 Rfc8 26. Nd1 Rc1 27.
Qe2 Bb5 28. Qd2 Ba4 29. Nb2 R1c2 30. Bxc2 Rxc2 31. Nxa4 Rxd2 32. Rxd2 Qf6 33.
Rc1 Qe5 34. Nb6 Nf5 35. Nc4 Qe7 36. Rdd1 b5 37. Nd2 Ne3 38. Re1 Qg5 39. Re2
Qxd5 40. Ne4 Qe5 41. Rd2 d5 42. Rc8+ Kg7 43. Rc1 Nc4 44. Re2 dxe4 45. Rxe4 Qd6
46. Rce1 Ne3 47. Rc1 Nc2 48. Rf1 Qd2 49. Rf2 Qc3 50. Rfe2 Ne3 51. Rxf4 Qc1+ 52.
Kf2 Nd1+ 53. Kg3 Qc7 54. Kg4 Nc3 55. Rd2 h5+ 56. Kg5 Qe5+ 57. Rf5 Qe3+ 58. Kxh5
Qxd2 0-1

[Event "Detroit (MI Team/2/1/2)"]
[Site "?"]
[Date "1995.??.??"]
[Round "?"]
[White "Zaremba, Andrei"]
[Black "Stone, Ray"]
[Result "0-1"]
[WhiteElo "2085"]
[BlackElo "2425"]
[PlyCount "64"]
[EventDate "1995.??.??"]

{2/1} 1. e4 c5 2. Nf3 Nc6 3. d4 cxd4 4. Nxd4 e6 5. Nc3 Qc7 6. Be3 a6 7. Be2 Nf6
8. O-O Be7 9. f4 d6 10. Kh1 O-O 11. f5 Nxd4 12. Bxd4 b5 13. Bf3 Rb8 14. a3 e5
15. Be3 b4 16. axb4 Rxb4 17. Ra2 Bb7 18. Qd3 Rc8 19. g4 h6 20. g5 hxg5 21. Bxg5
Nxe4 22. Bxe7 Nxc3 23. Bxd6 Bxf3+ 24. Rxf3 Qb7 25. Bxb4 Nxa2 26. Qe2 Rxc2 27.
Qxc2 Qxf3+ 28. Kg1 Nxb4 29. Qc8+ Kh7 30. Qd8 Qg4+ 31. Kf1 Qc4+ 32. Kg1 Qd4+ 0-1

[Event "East Lansing (MI Op/1b/13)"]
[Site "?"]
[Date "1995.??.??"]
[Round "?"]
[White "Zaremba, Andrei"]
[Black "Steverson, Bunnard"]
[Result "1-0"]
[WhiteElo "2040"]
[BlackElo "1830"]
[PlyCount "81"]
[EventDate "1995.??.??"]

1. e4 c5 2. Nf3 Nc6 3. d4 cxd4 4. Nxd4 d6 5. Nc3 Nf6 6. Bc4 g6 7. O-O Bg7 8.
Be3 O-O 9. Nb3 a6 10. a4 Qc7 11. a5 Nxa5 12. Nxa5 b6 13. Bd5 Nxd5 14. Nxd5 Qd8
15. Nc6 Qd7 16. Ncxe7+ Kh8 17. Nxc8 Rfxc8 18. Nxb6 Qc6 19. Nxc8 Rxc8 20. Bd4
Qxe4 21. Bxg7+ Kxg7 22. Rxa6 Rxc2 23. Rxd6 Rxb2 24. Qd4+ Qxd4 25. Rxd4 Rb5 26.
Re1 Rf5 27. g3 h5 28. Re7 Kf6 29. Rdd7 Kg7 30. Kg2 g5 31. Re3 g4 32. Re4 Kg6
33. Rf4 f6 34. Rxf5 Kxf5 35. f3 Kg5 36. Rd5+ f5 37. fxg4 hxg4 38. h4+ gxh3+ 39.
Kxh3 Kf6 40. g4 fxg4+ 41. Kxg4 1-0

[Event "East Lansing (MEX/2/10)"]
[Site "?"]
[Date "1995.??.??"]
[Round "?"]
[White "Zaremba, Andrei"]
[Black "Rajlich, Vasik"]
[Result "0-1"]
[WhiteElo "2000"]
[BlackElo "2125"]
[PlyCount "86"]
[EventDate "1995.??.??"]

{2/(10)} 1. d4 d5 2. c4 e6 3. cxd5 exd5 4. Nc3 Nf6 5. Bg5 Be7 6. Nf3 O-O 7. e3
c6 8. Bd3 Re8 9. h3 Nbd7 10. O-O h6 11. Bf4 Bf8 12. Qc2 Qe7 13. Ne5 g5 14. Bh2
Bg7 15. e4 dxe4 16. Nxe4 Nxe4 17. Bxe4 Nxe5 18. Bxe5 Bxe5 19. dxe5 Qxe5 20.
Rfe1 Kg7 21. Bf3 Qxe1+ 22. Rxe1 Rxe1+ 23. Kh2 Re5 24. Qb3 a5 25. Bh5 Rf5 26. f3
b5 27. Qc3+ Rf6 28. Qe5 Bf5 29. Qe7 Rc8 30. Qb7 Rd8 31. Qe7 Rd2 32. Qe5 Be6 33.
Qc3 Rf2 34. Kg1 b4 35. Qc1 Re2 36. f4 g4 37. hxg4 Bd5 38. Kf1 Rfe6 39. g5 Bxg2+
40. Kg1 Re1+ 41. Qxe1 Rxe1+ 42. Kxg2 hxg5 43. fxg5 Re5 0-1

[Event "Ann Arbor (MLS Jul/3/2)"]
[Site "?"]
[Date "1995.??.??"]
[Round "?"]
[White "Zaremba, Andrei"]
[Black "Rajlich, Vasik"]
[Result "0-1"]
[WhiteElo "2085"]
[BlackElo "2220"]
[PlyCount "94"]
[EventDate "1995.??.??"]

{3/(2)} 1. d4 d5 2. c4 e6 3. Nc3 c6 4. cxd5 exd5 5. Bf4 Bd6 6. Bxd6 Qxd6 7. Nf3
Bf5 8. e3 Nd7 9. Bd3 Bxd3 10. Qxd3 Ngf6 11. O-O O-O 12. b4 Qxb4 13. Rab1 Qa3
14. Rb3 Qa6 15. Qxa6 bxa6 16. Ra3 c5 17. Rxa6 c4 18. Ne5 Rfd8 19. Nc6 Nb8 20.
Nxb8 Rdxb8 21. Ra5 Rb2 22. Nxd5 Nxd5 23. Rxd5 Rxa2 24. Rc1 Rb8 25. Rc5 Rc2 26.
Rd1 g6 27. d5 Rbb2 28. d6 Rd2 29. Ra1 Ra2 30. Rc1 Rac2 31. Rf1 Rxd6 32. Ra5 a6
33. g3 c3 34. Rc5 Rd3 35. Ra5 Rd6 36. Rc5 Re6 37. Re1 Rf6 38. f4 Rb6 39. Ra5
Rd2 40. Raa1 Rbb2 41. Rec1 Rg2+ 42. Kf1 Rxh2 43. Kg1 Rbg2+ 44. Kf1 Rd2 45. Kg1
c2 46. Re1 Rdg2+ 47. Kf1 Rxg3 0-1

[Event "Eastpointe (MCO/5/14)"]
[Site "?"]
[Date "1995.??.??"]
[Round "?"]
[White "Zaremba, Andrei"]
[Black "Quander, K."]
[Result "1-0"]
[WhiteElo "2025"]
[BlackElo "1605"]
[PlyCount "39"]
[EventDate "1995.??.??"]

{5/(14)} 1. e4 e6 2. d4 d5 3. e5 c5 4. c3 Nc6 5. Nf3 Qb6 6. Bd3 cxd4 7. cxd4
Bd7 8. O-O Nxd4 9. Nxd4 Qxd4 10. Nc3 Qxe5 11. Re1 Qb8 12. Nxd5 Bd6 13. Qg4 Kf8
14. Bg5 exd5 15. Qxd7 Bxh2+ 16. Kh1 Qd6 17. Qxb7 Rb8 18. Qxa7 Rxb2 19. Be3 Ne7
20. Bc5 1-0

[Event "East Lansing (MEX/4/10)"]
[Site "?"]
[Date "1995.??.??"]
[Round "?"]
[White "Zaremba, Andrei"]
[Black "Moody, David"]
[Result "1-0"]
[WhiteElo "2000"]
[BlackElo "2000"]
[PlyCount "57"]
[EventDate "1995.??.??"]

{4/(10)} 1. d4 Nf6 2. c4 c5 3. d5 e6 4. Nc3 exd5 5. cxd5 d6 6. e4 g6 7. f4 Bg7
8. Nf3 O-O 9. Bd3 Bg4 10. O-O Re8 11. h3 Bxf3 12. Qxf3 a6 13. a4 Nbd7 14. Be3
Qc7 15. Rae1 c4 16. Bc2 Rab8 17. Ba7 Ra8 18. Bf2 Rab8 19. Na2 Qa5 20. Bd4 Nxd5
21. Bxg7 Kxg7 22. Rd1 Qc5+ 23. Rf2 Ne3 24. Rdd2 Nxc2 25. Rxc2 b5 26. b4 Qc6 27.
Nc3 Nf6 28. f5 g5 29. e5 1-0

[Event "Ann Arbor (MLS Jul/2/4)"]
[Site "?"]
[Date "1995.??.??"]
[Round "?"]
[White "Zaremba, Andrei"]
[Black "Key_Smith, G."]
[Result "1-0"]
[WhiteElo "2085"]
[BlackElo "1745"]
[PlyCount "69"]
[EventDate "1995.??.??"]

{2/(4)} 1. d4 Nf6 2. c4 g6 3. Nc3 Bg7 4. e4 d6 5. Nf3 Nbd7 6. h3 e5 7. d5 O-O
8. Bd3 Ne8 9. Bg5 f6 10. Be3 f5 11. Bg5 Ndf6 12. Qd2 f4 13. g3 Qd7 14. gxf4 h6
15. fxe5 hxg5 16. exf6 Rxf6 17. Nxg5 Bh6 18. f4 Qe7 19. Rg1 Ng7 20. O-O-O Bd7
21. h4 Raf8 22. Ne2 Nh5 23. Rdf1 c6 24. Kb1 b5 25. dxc6 Bxc6 26. cxb5 Bd7 27.
Qe3 Bg7 28. Rf3 Be6 29. e5 dxe5 30. fxe5 Rxf3 31. Nxf3 Bf5 32. Bxf5 Rxf5 33.
Rxg6 Kh7 34. Rg5 Qf7 35. Qe4 1-0

[Event "Eastpointe (MCO/3/4)"]
[Site "?"]
[Date "1995.??.??"]
[Round "?"]
[White "Zaremba, Andrei"]
[Black "Kamberi, Sonny"]
[Result "1/2-1/2"]
[WhiteElo "2025"]
[BlackElo "2160"]
[PlyCount "101"]
[EventDate "1995.??.??"]

{3/(4)} 1. d4 d5 2. Nf3 Nf6 3. c4 e6 4. Nc3 c6 5. Bg5 h6 6. Bh4 dxc4 7. e3 b5
8. a4 Bb4 9. Nd2 Bb7 10. Qf3 g5 11. Bg3 g4 12. Qf4 Nbd7 13. Be2 Bxc3 14. bxc3
Nd5 15. Qxg4 Nxc3 16. Qg7 Qf6 17. Qxf6 Nxf6 18. Be5 Ke7 19. Ra3 b4 20. Ra1 Nxe2
21. Kxe2 c3 22. Bxf6+ Kxf6 23. Ne4+ Ke7 24. Nc5 Rhb8 25. a5 Bc8 26. Rhb1 Rb5
27. Kd3 e5 28. Kc4 Rab8 29. Kb3 Be6+ 30. Nxe6 Kxe6 31. Rd1 Rd5 32. a6 c5 33.
dxc5 Rxc5 34. Ra4 Rd5 35. Rxd5 Kxd5 36. f3 Rc8 37. Ra1 Rb8 38. Ra5+ Kd6 39. g4
f6 40. f4 exf4 41. exf4 Rc8 42. Ra1 Kc5 43. h4 Kd4 44. g5 fxg5 45. hxg5 hxg5
46. fxg5 c2 47. Kb2 Ke3 48. Rg1 Rc6 49. g6 c1=Q+ 50. Rxc1 Rxg6 51. Kb3 1/2-1/2

[Event "Detroit (WCO/3/2)"]
[Site "?"]
[Date "1995.??.??"]
[Round "?"]
[White "Zaremba, Andrei"]
[Black "Jointer, William"]
[Result "1-0"]
[WhiteElo "1990"]
[BlackElo "1715"]
[PlyCount "69"]
[EventDate "1995.??.??"]

{3/(2)} 1. d4 g6 2. c4 Bg7 3. Nc3 Nf6 4. e4 d6 5. f3 O-O 6. Be3 c6 7. Bd3 a6 8.
Nge2 b5 9. a3 Qb6 10. b4 Nbd7 11. O-O Bb7 12. c5 dxc5 13. dxc5 Qc7 14. Bf4 e5
15. Be3 Rad8 16. Qc2 Bc8 17. a4 Nh5 18. axb5 cxb5 19. Nd5 Qb8 20. c6 Qd6 21.
cxd7 Bxd7 22. Bc5 Qe6 23. Bxf8 Bxf8 24. Qa2 Bc8 25. Rfc1 Bb7 26. Rc7 Bxd5 27.
exd5 Qb6+ 28. Rc5 Bxc5+ 29. bxc5 Qxc5+ 30. Kh1 Rxd5 31. Be4 Rd6 32. h3 Qe3 33.
Qa3 Rd1+ 34. Kh2 Rxa1 35. Qxe3 1-0

[Event "Detroit (WCO/1/2)"]
[Site "?"]
[Date "1995.??.??"]
[Round "?"]
[White "Zaremba, Andrei"]
[Black "Jackson, K."]
[Result "1-0"]
[WhiteElo "1990"]
[BlackElo "1605"]
[PlyCount "111"]
[EventDate "1995.??.??"]

{1/(2)} 1. d4 e6 2. c4 d5 3. Nc3 c5 4. cxd5 exd5 5. Nf3 Nc6 6. Bf4 a6 7. e3 Qa5
8. Be2 cxd4 9. Nxd4 Bb4 10. O-O Bxc3 11. bxc3 Nge7 12. Bd6 Qxc3 13. Rc1 Qa5 14.
Nxc6 Nxc6 15. Rxc6 bxc6 16. Qd4 Rg8 17. Qe5+ Be6 18. f4 g6 19. Rb1 Qxa2 20. Bd3
Qd2 21. Bf1 a5 22. Bc5 Qc2 23. Qd6 Qxc5 24. Qxc5 Bd7 25. Qd6 Rd8 26. Rb8 a4 27.
Rxd8+ Kxd8 28. Qb8+ Bc8 29. Ba6 Kd7 30. Qa7+ Kd6 31. Bxc8 Rxc8 32. Qxa4 c5 33.
Kf2 c4 34. Qa6+ Rc6 35. Qa3+ Rc5 36. Qc3 Rc6 37. Kf3 Rc7 38. e4 Rc5 39. exd5
Rxd5 40. Qxc4 Rc5 41. Qd4+ Rd5 42. Qg7 Ke6 43. Qxh7 Rh5 44. Qg7 f6 45. h3 Rf5
46. Qxg6 Rd5 47. Ke4 Rd2 48. f5+ Ke7 49. Qg7+ Kd6 50. Qxf6+ Kc5 51. Qc3+ Kd6
52. Qxd2+ Ke7 53. Ke5 Kf7 54. Qd7+ Kf8 55. Kf6 Kg8 56. Qg7# 1-0

[Event "East Lansing (MI Op/3/8)"]
[Site "?"]
[Date "1995.??.??"]
[Round "?"]
[White "Zaremba, Andrei"]
[Black "Finegold, Ron"]
[Result "1/2-1/2"]
[WhiteElo "2040"]
[BlackElo "2230"]
[PlyCount "76"]
[EventDate "1995.??.??"]

{3/(8)} 1. d4 d6 2. c4 e5 3. d5 c5 4. e4 g6 5. Nc3 Bg7 6. Be3 Ne7 7. Qd2 h6 8.
Nge2 Na6 9. f3 Nc7 10. h4 a6 11. Nc1 Bd7 12. a4 b6 13. g4 Rb8 14. h5 g5 15. b3
Bf6 16. Be2 Rb7 17. O-O Nc8 18. Nd3 Na7 19. b4 cxb4 20. Nxb4 a5 21. Nd3 Na6 22.
Nb5 Qb8 23. Rac1 Be7 24. Rc2 O-O 25. Rb1 Rc8 26. Bf1 f6 27. Qf2 Nc5 28. Nxc5
bxc5 29. Ra2 Bd8 30. Bd2 Nxb5 31. axb5 Ra7 32. Ra4 Bb6 33. Qe1 Qc7 34. Kg2 Kg7
35. Bc3 Kf7 36. Qd2 Rg8 37. Rba1 Rga8 38. Bd3 Qd8 1/2-1/2